| 000 | 00359cam a2200145ua 4500 | ||
|---|---|---|---|
| 041 |
_aeng _h |
||
| 082 |
_a823.308 _bPAR/BR |
||
| 100 | _aParker, W M . | ||
| 245 |
_aBridge of lammer moor / _cW M Parker. _hTextual Documents |
||
| 260 |
_aLondon : _bJ M Dent and Sons Ltd , _c1962. |
||
| 300 | _a368 ; . | ||
| 504 | _a | ||
| 942 | _cBK | ||
| 999 |
_c12880 _d12880 |
||